| 000 | 00696cam a22002413a 4500 | ||
|---|---|---|---|
| 001 | 6031 | ||
| 003 | PGUSA | ||
| 005 | 20140828083127.0 | ||
| 008 | 040701s2004||||xxu|||||s|||||000 | eng d | ||
| 040 |
_aPGUSA _beng |
||
| 042 | _adc | ||
| 050 | 4 | _aDG | |
| 100 | 1 |
_aGibbon, Edward, _d1737-1794 |
|
| 245 | 1 | 0 |
_aMemoirs of My Life and Writings _h[electronic resource] / _cEdward Gibbon |
| 260 |
_bProject Gutenberg, _c2004 |
||
| 506 | _aPublic domain in the USA. | ||
| 516 | _aElectronic text | ||
| 653 | _aHistorians -- Great Britain -- Biography | ||
| 653 | _aGibbon, Edward, 1737-1794 | ||
| 830 | 0 |
_aProject Gutenberg _v6031 |
|
| 856 | 4 | 0 | _uhttp://www.gutenberg.org/ebooks/6031 |
| 942 | _cEB | ||
| 999 |
_c235359 _d235359 |
||